000 00802nam a22002417a 4500
001 114458
003 DR-UNIBE
005 20260323100758.0
008 260313b1990 ve ||||| |||| 00| 0 spa d
020 _a9800104267
040 _aBIBLIOTECA UNIBE
_cBIBLIOTECA UNIBE
_erda
041 _aspa
082 _a363.45098 D784a
245 0 3 _aLa cuestión de las drogas en América Latina /
_cBayardo Ramírez Monagas [y otro cuatro]
260 _aCaracas :
_bMonte Avila Editores,
_c 1990
300 _a510 páginas :
_bilustraciones
490 _aMonte Avila. Documentos
650 7 _2lemb
_aAbuso de drogas
_zAmérica Latina
_9203597
650 7 _2lemb
_aNarcotráfico
653 0 0 _aTráfico de drogas -- América Latina
700 _a Ramírez Monagas, Bayardo
_eautor
_9203598
942 _2ddc
_cBK
999 _c114458
_d114458